000 00614nam a2200205Ia 4500
003 LK-CoDNM
005 20241128143732.0
008 010623t1962 xxu||||| |||| 00| 1 sin d
040 _aLK-CoDNM
_dLK-CoDNM
_eLK-CoDNM
041 _asin
080 _a294.32
_bGNA
100 _aඤාණපෝතික හිමි
245 _aසතර බ්‍රහ්ම විහරණ-1962
246 _aSathara Brahma Viharana
260 _bබෞද්ධ ග්‍රන්ථ ප්‍රකාශන සමිතිය
_c1962
300 _b26p. ; 21 cm
650 _a1962
650 _aBuddhism
942 _cBK
999 _c106131
_d106131